| 000 | 00567nam a22001697a 4500 | ||
|---|---|---|---|
| 999 |
_c60862 _d60862 |
||
| 005 | 20231113100423.0 | ||
| 008 | 231113s1990 ru ||||| |||| 00| 0 rus d | ||
| 020 | _a5250007686 | ||
| 041 | _arus | ||
| 080 | _a902/904 Л-25 | ||
| 100 |
_aЛаричев, В. Е. _920340 |
||
| 245 |
_aПрозрение / _cВ.Е. Ларичев. |
||
| 264 |
_aМосква : _bИздательство политической литературы, _c1990. |
||
| 300 |
_a223 стр.: _bилл.; _c22 см. |
||
| 653 | _aარქეოლოგია | ||
| 942 |
_2udc _cᲬᲘᲒᲜᲘ |
||